Lecture notes on the infectious diseases / (Record no. 922)

MARC details
000 -LEADER
fixed length control field 00651nam a22002177a 4500
003 - CONTROL NUMBER IDENTIFIER
control field OSt
005 - DATE AND TIME OF LATEST TRANSACTION
control field 20150116162857.0
008 - FIXED-LENGTH DATA ELEMENTS--GENERAL INFORMATION
fixed length control field 150116b xxu||||| |||| 00| 0 eng d
020 ## - INTERNATIONAL STANDARD BOOK NUMBER
International Standard Book Number 0632011688
040 ## - CATALOGING SOURCE
Transcribing agency DNLM
082 ## - DEWEY DECIMAL CLASSIFICATION NUMBER
Classification number WC 100 M312l 1984
100 ## - MAIN ENTRY--PERSONAL NAME
Personal name Mandal Bibhat K,
9 (RLIN) 2474
245 ## - TITLE STATEMENT
Title Lecture notes on the infectious diseases /
Statement of responsibility, etc. Bibhat K. Mandal, Richard T Mayon-White.
250 ## - EDITION STATEMENT
Edition statement 4th ed.
260 ## - PUBLICATION, DISTRIBUTION, ETC. (IMPRINT)
Place of publication, distribution, etc. London :
Name of publisher, distributor, etc. Blackwell Scientific Publications;
Date of publication, distribution, etc. 1984.
300 ## - PHYSICAL DESCRIPTION
Extent viii, 272 p :
Other physical details ill;
Dimensions 27 cm.
504 ## - BIBLIOGRAPHY, ETC. NOTE
Bibliography, etc Includes index.
650 ## - SUBJECT ADDED ENTRY--TOPICAL TERM
Topical term or geographic name as entry element Infectious disease.
9 (RLIN) 2475
700 ## - ADDED ENTRY--PERSONAL NAME
Personal name Mayon-White Richard T.
9 (RLIN) 2476
942 ## - ADDED ENTRY ELEMENTS (KOHA)
Source of classification or shelving scheme Other/Generic Classification Scheme
Koha item type Short Loan
Holdings
Withdrawn status Lost status Source of classification or shelving scheme Damaged status Not for loan Home library Current library Date acquired Source of acquisition Inventory number Total Checkouts Full call number Barcode Date last seen Price effective from Koha item type
    Other/Generic Classification Scheme     MUST Main Library MUST Main Library 16/01/2015   1997/10748   WC 100 M312l 1984 2015-0145 16/01/2015 16/01/2015 Short Loan
    Other/Generic Classification Scheme     MUST Main Library MUST Main Library 16/01/2015   1997/10749   WC 100 M312l 1984 2015-0146 16/01/2015 16/01/2015 Short Loan